Joueurs brésiliens ayant joué à l'Olympique Lyonnais - Statistiques

Statistiques générales
  • Ce quiz a été pris 52 fois
  • Le résultat moyen est 14 sur 29
Statistiques - réponses
Année d'arrivée Année de départ Club précédant Club suivant Nombre de match Joueurs % Correct
2026 2026 Real Madrid Real Madrid 15 Endrick
95%
2020 2022 AC Milan West Ham United 80 Lucas Paquetá
86%
2001 2009 CR Vasco de Gama Al-Gharafa SC 344 Juninho
81%
2020 2022 CA Paranaense Newcastle United 71 Bruno Guimarães
79%
2004 2012 Cruzeiro EC Galatasaray 310 Cris
72%
2017 2020 SL Benfica Wolverhampton Wanderers 75 Marçal
65%
2015 2020 Manchester United Basaksehir FK 139 Rafael
65%
2019 2023 LOSC Lille Al-Rayyan SC 143 Thiago Mendes
65%
2017 2022 Besiktas JK FC Girondins de Bordeaux 167 Marcelo
63%
2024 En cours Real Betis Balompié En cours 57 Abner
60%
2009 2013 LOSC Lille Al-Aïn FC 142 Michel Bastos
60%
1999 2003 FC Barcelone Villarreal CF 161 Sonny Anderson
58%
2007 2010 SL Benfica Sans Club 19 Anderson
53%
2024 2025 Botafogo FR Leeds United 49 Lucas Perri
53%
2019 2021 CR Flamengo AS Monaco 25 Jean Lucas
49%
2005 2009 Cruzeiro EC Fluminense FC 125 Fred
47%
2023 2025 Botafogo FR Botafogo FR 21 Jeffinho
47%
2022 2023 Shakhtar Donetsk Shakhtar Donetsk 30 Tetê
47%
2000 2007 Atlético Mineiro Newcastle United 173 Cláudio Caçapa
42%
2008 2012 OGC Nice Lazio Rome 114 Ederson
40%
2004 2005 SC Internacional SC Corinthians 46 Nilmar
40%
2000 2004 FC São Paulo FC Barcelone 157 Edmílson
35%
2024 2025 Botafogo FR Al-Wasl FC 4 Adryelson
30%
2003 2005 Bayern Munich Borussia Mönchengladbach 43 Giovane Elber
30%
2007 2009 Cruzeiro EC Fluminense FC 29 Fábio Santos
19%
2021 2024 CR Vasco de Gama Sans club 45 Henrique
19%
2020 2023 AA Ponte Preta Akhmat Grozny 0 Camilo
16%
1993 1997 SC Corinthians Cruzeiro EC 129 Marcelo Djian
2%
1956 1959 Olympique de Marseille Nîmes Olympique 91 Constantino
0%
Aucun quiz correspondant
Distribution des résultats
% des personnes avec chaque résultat
Percentile par nombre de réponses
Votre historique - résultats
Vous n’avez pas pris ce quiz